"Un mundo de palabras" : (Record no. 135580)

MARC details
000 -CABECERA
campo de control de longitud fija 00678nam a2200193 a 4500
005 - FECHA Y HORA DE LA ÚLTIMA TRANSACCIÓN
campo de control 20210219160338.0
008 - ELEMENTOS DE LONGITUD FIJA--INFORMACIÓN GENERAL
campo de control de longitud fija 081013s1990 mx r 000 0 spa d
020 ## - NÚMERO INTERNACIONAL NORMALIZADO PARA LIBROS
Número Internacional Estándar del Libro 1872617301
035 ## - NÚMERO DE CONTROL DEL SISTEMA
Número de control de sistema UPN01000163467
049 ## - COLECCIÓN
Colección UNE
080 ## - NÚMERO DE CLASIFICACIÓN DECIMAL UNIVERSAL
Número de la Clasificación Decimal Universal 37.014. 22 (100) "1990" UNM.
245 01 - MENCIÓN DE TÍTULO
Título "Un mundo de palabras" :
Resto del título Serie de actividades sobre el año internacional de laalfabetización /
260 ## - PUBLICACIÓN, DISTRIBUCIÓN, ETC.
Lugar de publicación, distribución, etc. England :
Nombre del editor, distribuidor, etc. Leicestershire Adult Basic Education Service;
Lugar de publicación, distribución, etc. París :
Nombre del editor, distribuidor, etc. UNESCO,
Fecha de publicación, distribución, etc. 1990.
300 ## - DESCRIPCIÓN FÍSICA
Extensión pág. irregular.;
Otras características físicas il.
690 ## - PUNTO DE ACCESO ADICIONAL DE MATERIA LOCAL--TÉRMINO DE MATERIA (OCLC, RLIN)
Término de materia o nombre geográfico como elemento inicial Alfabetizacion- Celebraciones de aniversarios
710 2# - ASIENTO SECUNDARIO - NOMBRE CORPORATIVO
Nombre de entidad corporativa o nombre de jurisdicción como elemento de entrada Año Intenacional de la Alfabetización
710 2# - ASIENTO SECUNDARIO - NOMBRE CORPORATIVO
Nombre de entidad corporativa o nombre de jurisdicción como elemento de entrada UNESCO
905 ## - TIPO DE MATERIAL
Tipo de material UNESCO
Holdings
Estado de retiro Estado de pérdida Fuente del sistema de clasificación o colocación Estado dañado No para préstamo Código de colección Localización permanente Ubicación/localización actual Ubicación en estantería Fecha de adquisición Clasificación Código de barras Fecha visto por última vez Número de copia Tipo de ítem Koha
    Library of Congress Classification   Disponible (Préstamo en sala) UNESCO Bib. Gregorio Torres Quintero Bib. Gregorio Torres Quintero Colecciones especiales Planta alta 03/02/2023 37. 014. 22 (100) "1990" UNM U5236 31/12/2020 1 Libro